Teoría de la organización (Registro nro. 1175)

Detalles MARC
000 -LEADER
fixed length control field 01708 a2200277 4500
001 - CONTROL NUMBER
control field 24345
005 - DATE AND TIME OF LATEST TRANSACTION
control field 20260407155527.0
008 - FIXED-LENGTH DATA ELEMENTS--GENERAL INFORMATION
fixed length control field 260407a2003 arg spa d
003 - CONTROL NUMBER IDENTIFIER
control field AR-UNSa-BCEJYS
040 ## - CATALOGING SOURCE
Original cataloging agency AR-UNSa-BCEJYS
Language of cataloging spa
Transcribing agency AR-UNSa-BCEJYS
080 ## - UNIVERSAL DECIMAL CLASSIFICATION NUMBER
Universal Decimal Classification number 658.01
Common auxiliary subdivision Metodología. Teoría y práctica de la organización( teoria de la organización, análisis organizacional...)
020 ## - INTERNATIONAL STANDARD BOOK NUMBER
International Standard Book Number 978-84-205-3894-5
100 1# - MAIN ENTRY--PERSONAL NAME
Personal name Hodge, Billy J.
245 10 - TITLE STATEMENT
Title Teoría de la organización
Name of part/section of a work un enfoque estratégico
250 ## - EDITION STATEMENT
Edition statement 6a. ed
264 #1 - PRODUCTION, PUBLICATION, DISTRIBUTION, MANUFACTURE, AND COPYRIGHT NOTICE
Place of production, publication, distribution, manufacture Madrid :
Name of producer, publisher, distributor, manufacturer Pearson Educación
Date of production, publication, distribution, manufacture, or copyright notice 2003
300 ## - PHYSICAL DESCRIPTION
Extent xvi, 463 p.
Dimensions 25 cm.
505 ## - FORMATTED CONTENTS NOTE
Formatted contents note Parte I: Introducción : 1. Teoría de la organización y el directivo - 2. La estructura y el diseño como pilares básicos de la organización de empresas - Parte II: El contexto de las organizaciones: 3. Metas organizativas y eficacia - 4. El entorno global de las organizaciones - 5. Gestión del entorno - 6. Tecnología organizativa - 7. Tamaño organizativo, crecimientos y ciclos de vida - Parte III: Gestión del contexto orgaizativo : 8. Modelos de diseño organizativo estratégico - 9. Control y gobierno organizativo - Parte IV: Procesos organizativos: 10. Cultura organizativa - 11. Información y toma de decisiones organizaativas - 12. Poder y política: las organizaciones como entidades políticas - 13. Innovación, cambio estratégico y aprendizaje organizativo - Parte V: Casos prácticos integradores.
590 ## - LOCAL NOTE (RLIN)
Local note niveau_biblio:m niveau_hierar:0
700 1# - ADDED ENTRY--PERSONAL NAME
Personal name Anthony, William P.
700 1# - ADDED ENTRY--PERSONAL NAME
Personal name Joyanes Aguilar, Luis
700 1# - ADDED ENTRY--PERSONAL NAME
Personal name Gales, Lawrence M.
700 1# - ADDED ENTRY--PERSONAL NAME
Personal name Ureña Joyanes, Raquel
700 1# - ADDED ENTRY--PERSONAL NAME
Personal name Morales Jareño, Isabel
942 ## - ADDED ENTRY ELEMENTS (KOHA)
Koha item type
Existencias
Withdrawn status Lost status Damaged status Not for loan Home library Current library Shelving location Date acquired Total checkouts Full call number Barcode Date last seen Price effective from Koha item type Public note
        Biblioteca Prof. Eusebio Cleto del Rey Biblioteca Prof. Eusebio Cleto del Rey   07/04/2026   658.01 H688 6ed. L119655 07/04/2026 07/04/2026 Libro PÁG 1 UN POCO MANCHADA Y ARRUGADA - CANTO INFERIOR MANCHADO
        Biblioteca Prof. Eusebio Cleto del Rey Biblioteca Prof. Eusebio Cleto del Rey   07/04/2026   658.01 H688 6ed. L119656 07/04/2026 07/04/2026 Libro MANCHADO EN PÁG 1, 3 Y 5
        Biblioteca Prof. Eusebio Cleto del Rey Biblioteca Prof. Eusebio Cleto del Rey   07/04/2026   658.01 H688 6ed. L119657 07/04/2026 07/04/2026 Libro 1° PÁG MANCHADA - CANTO INFERIOR MANCHADO